[Event "Viljandi Valgmae Memorial"]
[Site "Viljandi"]
[Date "2022.07.02"]
[Round "1"]
[White "Miezis, Normunds"]
[Black "Teemae, Leo A"]
[Result "1-0"]
[WhiteElo "2446"]
[BlackElo "1872"]
[PlyCount "65"]
[EventDate "2022.07.02"]
[EventType "swiss (rapid)"]
[EventRounds "9"]
[EventCountry "EST"]
[SourceTitle "CBM 209 Extra"]
[Source "ChessBase"]
[SourceDate "2022.09.30"]
[SourceVersion "1"]
[SourceVersionDate "2022.09.30"]
[SourceQuality "1"]

1. c4 e5 2. Nc3 f5 3. d4 e4 4. g3 Nf6 5. Bg2 Bb4 6. Nh3 Bxc3+ 7. bxc3 0-0 8. 0-0 Nc6 9. Nf4 b6 10. c5 d5 11. cxd6 Qxd6 12. a4 Re8 13. Ba3 Qd7 14. Rc1 Kh8 15. e3 Nd5 16. Nxd5 Qxd5 17. c4 Qf7 18. Qc2 Bb7 19. Rfd1 Rad8 20. Qc3 Nb8 21. a5 Nd7 22. c5 Bd5 23. cxb6 cxb6 24. Qc7 bxa5 25. Qxa7 Ra8 26. Qc7 Qe6 27. Bh3 Nb6 28. Qf4 g6 29. Bf1 Nc4 30. Bxc4 Bxc4 31. d5 Bxd5 32. Rc7 Kg8 33. Qh6 1-0

[Event "EST-ch"]
[Site "Tallinn"]
[Date "2017.08.03"]
[Round "3"]
[White "Teemae, Leo A"]
[Black "Pedoson, Georg Aleksander"]
[Result "0-1"]
[WhiteElo "1921"]
[BlackElo "2036"]
[PlyCount "76"]
[EventDate "2017.08.01"]
[EventType "swiss"]
[EventRounds "7"]
[EventCountry "EST"]
[SourceTitle "CBM 179 Extra"]
[Source "ChessBase"]
[SourceDate "2017.08.23"]
[SourceVersion "1"]
[SourceVersionDate "2017.08.23"]
[SourceQuality "1"]

1. e4 d5 2. exd5 Nf6 3. c4 e6 4. d4 exd5 5. Nf3 Be7 6. Bd3 0-0 7. 0-0 dxc4 8. Bxc4 Nc6 9. Nc3 a6 10. a4 Bf5 11. Re1 Nb4 12. Re5 Bg6 13. Bg5 c6 14. Rc1 b5 15. Bf1 Re8 16. Nh4 Qb6 17. Nxg6 hxg6 18. Ne4 Nbd5 19. Nc5 Rad8 20. Qd2 Qa7 21. Ree1 Bxc5 22. Rxc5 Qd7 23. Rxe8+ Rxe8 24. Bxf6 Nxf6 25. axb5 cxb5 26. Qc3 Rd8 27. Rc6 Ne4 28. Qc2 Qxd4 29. Rxa6 b4 30. g3 b3 31. Qe2 Rc8 32. Qe3 Qxe3 33. fxe3 Rc1 34. Kg2 Rc2+ 35. Kh3 Rxb2 36. Bc4 Kh7 37. Rb6 f5 38. Rxb3 Ng5+ 0-1

[Event "EST-ch"]
[Site "Tallinn"]
[Date "2017.08.02"]
[Round "2"]
[White "Kolar, Johan Eerik"]
[Black "Teemae, Leo A"]
[Result "0-1"]
[WhiteElo "1623"]
[BlackElo "1921"]
[PlyCount "74"]
[EventDate "2017.08.01"]
[EventType "swiss"]
[EventRounds "7"]
[EventCountry "EST"]
[SourceTitle "CBM 179 Extra"]
[Source "ChessBase"]
[SourceDate "2017.08.23"]
[SourceVersion "1"]
[SourceVersionDate "2017.08.23"]
[SourceQuality "1"]

1. e4 e5 2. Nc3 Nf6 3. f4 d5 4. fxe5 Nxe4 5. Nf3 Nc6 6. Bb5 Be7 7. Qe2 Nxc3 8. dxc3 0-0 9. Bf4 a6 10. Bd3 Be6 11. 0-0-0 Qc8 12. h3 f6 13. Nd4 Nxd4 14. cxd4 fxe5 15. Bxe5 Bg5+ 16. Kb1 Bf5 17. Bxf5 Rxf5 18. h4 Bf4 19. g4 Rf7 20. Rhf1 Qe6 21. Rde1 Raf8 22. c3 c6 23. Rxf4 Rxf4 24. Bxf4 Qxe2 25. Rxe2 Rxf4 26. Rg2 Kf7 27. Kc2 Kf6 28. Kd3 Rf3+ 29. Ke2 Rh3 30. h5 h6 31. Kf2 Kg5 32. Ke2 Kf4 33. g5 Rg3 34. Rf2+ Kxg5 35. Kf1 Kg4 36. Rf7 Rf3+ 37. Rxf3 Kxf3 0-1

[Event "EST-ch"]
[Site "Tallinn"]
[Date "2017.08.01"]
[Round "1"]
[White "Teemae, Leo A"]
[Black "Sirosh, Ilja"]
[Result "0-1"]
[WhiteElo "1921"]
[BlackElo "2299"]
[PlyCount "58"]
[EventDate "2017.08.01"]
[EventType "swiss"]
[EventRounds "7"]
[EventCountry "EST"]
[SourceTitle "CBM 179 Extra"]
[Source "ChessBase"]
[SourceDate "2017.08.23"]
[SourceVersion "1"]
[SourceVersionDate "2017.08.23"]
[SourceQuality "1"]

1. e4 e5 2. Nf3 Nc6 3. Bb5 a6 4. Bxc6 dxc6 5. 0-0 Bg4 6. h3 Bh5 7. g4 Bg6 8. Nxe5 Qh4 9. Qf3 f6 10. Nc4 h5 11. d3 Bf7 12. Bf4 Be6 13. Qg3 hxg4 14. Qxh4 Rxh4 15. Bg3 Rxh3 16. Bxc7 b5 17. Ne3 Bc5 18. Re1 Ne7 19. Nd2 Kd7 20. Bg3 Rah8 21. Kg2 g5 22. c3 Ng6 23. Rg1 Nf4+ 24. Kf1 Nxd3 25. Nb3 Bxe3 26. fxe3 Nxb2 27. Rb1 Nc4 28. Kf2 Ke7 29. Nd4 Nd2 0-1

[Event "Viljandi Raud Memorial 49th"]
[Site "Viljandi"]
[Date "2015.07.05"]
[Round "9"]
[White "Teemae, Leo A"]
[Black "Chukavin, Kirill"]
[Result "0-1"]
[WhiteElo "1970"]
[BlackElo "2096"]
[PlyCount "50"]
[EventDate "2015.06.29"]
[EventType "swiss"]
[EventRounds "9"]
[EventCountry "EST"]
[SourceTitle "CBM 167 Extra"]
[Source "ChessBase"]
[SourceDate "2015.09.14"]
[SourceVersion "1"]
[SourceVersionDate "2015.09.14"]
[SourceQuality "1"]

1. e4 c5 2. c3 d5 3. exd5 Qxd5 4. d4 Nf6 5. Nf3 Bg4 6. Qa4+ Nbd7 7. Bc4 Qe4+ 8. Be3 Bxf3 9. Nd2 Qc6 10. Bb5 Bxg2 11. Bxc6 Bxc6 12. Qb3 Bxh1 13. f3 cxd4 14. cxd4 Bg2 15. Rc1 b6 16. Qa4 e6 17. Kf2 Bh3 18. Nc4 Rd8 19. Bf4 Nd5 20. Ne5 Nxf4 21. Rc8 Nd3+ 22. Kg3 N3xe5 23. Rxd8+ Kxd8 24. Kxh3 Ng6 25. Qxa7 Bd6 0-1

[Event "Viljandi Raud Memorial 48th"]
[Site "Viljandi"]
[Date "2014.07.03"]
[Round "6"]
[White "Haavamae, Henrik"]
[Black "Teemae, Leo A"]
[Result "1-0"]
[WhiteElo "2007"]
[BlackElo "2011"]
[PlyCount "65"]
[EventDate "2014.06.30"]
[EventType "swiss"]
[EventRounds "9"]
[EventCountry "EST"]
[SourceTitle "CBM 161 Extra"]
[Source "ChessBase"]
[SourceDate "2014.08.29"]
[SourceVersion "1"]
[SourceVersionDate "2014.08.29"]
[SourceQuality "1"]

1. e4 e5 2. Nf3 Nf6 3. d4 Nxe4 4. dxe5 d5 5. Bd3 Be7 6. 0-0 Nc5 7. Be2 Nc6 8. Be3 Bg4 9. Nc3 Bxf3 10. Bxf3 Nxe5 11. Bxd5 c6 12. Qh5 Ncd7 13. Bb3 0-0 14. Rad1 Qc8 15. Ne4 g6 16. Qe2 Nf6 17. Bd4 Ned7 18. Ng5 Nd5 19. Nxh7 Kxh7 20. Bxd5 Bf6 21. Bb3 Kg7 22. Qe7 c5 23. Bxf6+ Nxf6 24. Rd6 Ne8 25. Qe5+ Kh7 26. Rd3 Ng7 27. Rh3+ Kg8 28. Qg5 Qf5 29. Qh4 Qh5 30. Qe7 Qg4 31. Rg3 Qc8 32. Qe4 Kh7 33. Rh3+ 1-0

[Event "Viljandi Raud Memorial 47th"]
[Site "Viljandi"]
[Date "2013.07.07"]
[Round "9"]
[White "Nero, Georg"]
[Black "Teemae, Leo A"]
[Result "1/2-1/2"]
[WhiteElo "1666"]
[BlackElo "2052"]
[PlyCount "36"]
[EventDate "2013.07.01"]
[EventType "swiss"]
[EventRounds "9"]
[EventCountry "EST"]
[SourceTitle "CBM 155 Extra"]
[Source "ChessBase"]
[SourceDate "2013.08.26"]
[SourceVersion "1"]
[SourceVersionDate "2013.08.26"]
[SourceQuality "1"]

1. b3 Nf6 2. Bb2 d5 3. Nf3 c5 4. e3 Nc6 5. Bb5 Bd7 6. 0-0 e6 7. Bxc6 Bxc6 8. Ne5 Be7 9. d3 0-0 10. Nd2 Rc8 11. f4 b5 12. a4 a6 13. Nxc6 Rxc6 14. axb5 axb5 15. Ra7 c4 16. bxc4 bxc4 17. Bd4 Bc5 18. Bxc5 Rxc5 1/2-1/2

[Event "Viljandi Raud Memorial 47th"]
[Site "Viljandi"]
[Date "2013.07.06"]
[Round "8"]
[White "Teemae, Leo A"]
[Black "Dubrovin, Robert"]
[Result "0-1"]
[WhiteElo "2052"]
[BlackElo "2197"]
[PlyCount "42"]
[EventDate "2013.07.01"]
[EventType "swiss"]
[EventRounds "9"]
[EventCountry "EST"]
[SourceTitle "CBM 155 Extra"]
[Source "ChessBase"]
[SourceDate "2013.08.26"]
[SourceVersion "1"]
[SourceVersionDate "2013.08.26"]
[SourceQuality "1"]

1. e4 e6 2. d4 d5 3. Nd2 Nf6 4. e5 Nfd7 5. Bd3 c5 6. c3 Nc6 7. Ne2 cxd4 8. cxd4 f6 9. exf6 Nxf6 10. 0-0 Bd6 11. Nf3 Qc7 12. a3 0-0 13. b4 a6 14. Bb2 Nh5 15. Nc3 g6 16. Rc1 Qg7 17. Na4 Nf4 18. Bb1 g5 19. Re1 g4 20. Ne5 Bxe5 21. dxe5 Nh3+ 0-1

[Event "EU-ch Seniors 12th"]
[Site "Kaunas"]
[Date "2012.08.26"]
[Round "9"]
[White "Teemae, Leo A"]
[Black "Patola, Eero"]
[Result "1/2-1/2"]
[WhiteElo "2047"]
[BlackElo "1941"]
[PlyCount "74"]
[EventDate "2012.08.18"]
[EventType "swiss"]
[EventRounds "9"]
[EventCountry "LTU"]
[SourceTitle "CBM 150 Extra"]
[Source "ChessBase"]
[SourceDate "2012.10.19"]
[SourceVersion "1"]
[SourceVersionDate "2012.10.19"]
[SourceQuality "1"]

1. e4 d5 2. exd5 Qxd5 3. Nc3 Qa5 4. d4 Nf6 5. Nf3 Bf5 6. Ne5 c6 7. Bd2 e6 8. g4 Bg6 9. h4 Qd8 10. Bg5 Bb4 11. Bg2 h6 12. Nxg6 fxg6 13. Be3 Nd5 14. Qd3 Qf6 15. 0-0-0 Nf4 16. Bxf4 Qxf4+ 17. Kb1 g5 18. Qg6+ Qf7 19. Qxf7+ Kxf7 20. hxg5 Nd7 21. gxh6 Rxh6 22. Rxh6 gxh6 23. Rd3 Nf6 24. Ne4 Nxe4 25. Bxe4 Rd8 26. f3 Be7 27. c4 Kf6 28. Kc2 e5 29. Rb3 Rd7 30. Bf5 Rc7 31. Re3 exd4 32. Re6+ Kg5 33. Kd3 Kf4 34. Rxh6 c5 35. Be4 b6 36. Bd5 Bg5 37. Re6 Re7 1/2-1/2

[Event "EU-ch Seniors 12th"]
[Site "Kaunas"]
[Date "2012.08.25"]
[Round "8"]
[White "Koskinen, Veikko"]
[Black "Teemae, Leo A"]
[Result "0-1"]
[WhiteElo "1976"]
[BlackElo "2047"]
[PlyCount "42"]
[EventDate "2012.08.18"]
[EventType "swiss"]
[EventRounds "9"]
[EventCountry "LTU"]
[SourceTitle "CBM 150 Extra"]
[Source "ChessBase"]
[SourceDate "2012.10.19"]
[SourceVersion "1"]
[SourceVersionDate "2012.10.19"]
[SourceQuality "1"]

1. Nf3 Nf6 2. g3 d5 3. Bg2 c5 4. 0-0 Nc6 5. d3 e5 6. Bg5 Be7 7. Nfd2 Be6 8. Nc3 Qd7 9. Bxf6 gxf6 10. e4 dxe4 11. dxe4 f5 12. exf5 Bxf5 13. Nce4 0-0-0 14. c3 Bh3 15. Nb3 Bxg2 16. Qxd7+ Rxd7 17. Kxg2 b6 18. g4 Rg8 19. f3 c4 20. Nc1 f5 21. Nf2 Rd2 0-1

[Event "EU-ch Seniors 12th"]
[Site "Kaunas"]
[Date "2012.08.20"]
[Round "3"]
[White "Teemae, Leo A"]
[Black "Henrichsen, Jens"]
[Result "1-0"]
[WhiteElo "2047"]
[BlackElo "1887"]
[PlyCount "63"]
[EventDate "2012.08.18"]
[EventType "swiss"]
[EventRounds "9"]
[EventCountry "LTU"]
[SourceTitle "CBM 150 Extra"]
[Source "ChessBase"]
[SourceDate "2012.10.19"]
[SourceVersion "1"]
[SourceVersionDate "2012.10.19"]
[SourceQuality "1"]

1. e4 c5 2. Nf3 d6 3. d4 cxd4 4. Nxd4 Nf6 5. Nc3 a6 6. Bc4 e6 7. Be3 Be7 8. Bb3 b5 9. 0-0 0-0 10. f4 Qc7 11. f5 b4 12. Na4 e5 13. Nf3 Nbd7 14. Nd2 Bb7 15. c3 bxc3 16. Nxc3 Nc5 17. Nd5 Nxd5 18. Bxd5 Bxd5 19. exd5 Qb7 20. Bxc5 dxc5 21. Ne4 Rfd8 22. f6 gxf6 23. Qg4+ Kh8 24. d6 Rg8 25. Qf5 Qxb2 26. g3 Qd4+ 27. Kh1 Bd8 28. Rad1 Qb4 29. Nxf6 Qb7+ 30. Kg1 Rg7 31. Qxe5 c4 32. Qe8+ 1-0

[Event "EST-chT 21st"]
[Site "Tallinn"]
[Date "2006.03.24"]
[Round "2"]
[White "Teemae, Leo A"]
[Black "Dubrovin, Robert"]
[Result "1/2-1/2"]
[WhiteElo "2089"]
[BlackElo "2203"]
[PlyCount "26"]
[EventDate "2006.03.23"]
[EventType "team"]
[EventRounds "7"]
[EventCountry "EST"]
[SourceTitle "EXT 2007"]
[Source "ChessBase"]
[SourceDate "2006.11.23"]
[SourceVersion "1"]
[SourceVersionDate "2006.11.23"]
[SourceQuality "1"]
[WhiteTeam "Paul Keres MK"]
[BlackTeam "Vabaettur II"]
[WhiteTeamCountry "EST"]
[BlackTeamCountry "EST"]

1. e4 c5 2. Nf3 Nc6 3. d4 cxd4 4. Nxd4 e6 5. g3 a6 6. Bg2 Qc7 7. 0-0 Nge7 8. Nc3 Nxd4 9. Qxd4 Nc6 10. Qd1 b5 11. e5 Bb7 12. Bf4 Be7 13. h4 Rd8 1/2-1/2

[Event "Keres Memorial op"]
[Site "Tallinn"]
[Date "2005.08.29"]
[Round "4"]
[White "Rytova, Merike"]
[Black "Teemae, Leo A"]
[Result "0-1"]
[WhiteElo "1995"]
[BlackElo "2098"]
[PlyCount "60"]
[EventDate "2005.08.28"]
[EventType "swiss"]
[EventRounds "4"]
[EventCountry "EST"]
[SourceTitle "EXT 2018"]
[Source "ChessBase"]
[SourceDate "2017.10.13"]
[SourceVersion "1"]
[SourceVersionDate "2017.10.13"]
[SourceQuality "1"]

1. e4 e5 2. Nc3 Nf6 3. f4 d5 4. fxe5 Nxe4 5. d3 Bb4 6. dxe4 Qh4+ 7. Ke2 Bxc3 8. bxc3 Bg4+ 9. Nf3 dxe4 10. Qd5 exf3+ 11. gxf3 Bc8 12. Be3 0-0 13. Rg1 Nc6 14. Bf2 Qxh2 15. Rg3 Qh5 16. Bd4 Be6 17. Qe4 Rad8 18. Bg2 Qf5 19. f4 Qxe4+ 20. Bxe4 Nxd4+ 21. cxd4 Rxd4 22. Ke3 Rc4 23. Bd3 Ra4 24. Rh1 g6 25. f5 Bd5 26. Rh2 Re8 27. Rgh3 Rxe5+ 28. Kf2 Be4 29. fxg6 hxg6 30. Rh8+ Kg7 0-1

[Event "Keres Memorial op"]
[Site "Tallinn"]
[Date "2005.08.28"]
[Round "1"]
[White "Teemae, Leo A"]
[Black "Kaos, Kreete"]
[Result "1-0"]
[WhiteElo "2098"]
[BlackElo "1852"]
[PlyCount "59"]
[EventDate "2005.08.28"]
[EventType "swiss"]
[EventRounds "4"]
[EventCountry "EST"]
[SourceTitle "EXT 2018"]
[Source "ChessBase"]
[SourceDate "2017.10.13"]
[SourceVersion "1"]
[SourceVersionDate "2017.10.13"]
[SourceQuality "1"]

1. e4 c5 2. Nf3 Nc6 3. d4 cxd4 4. Nxd4 e5 5. Nb5 d6 6. N1c3 a6 7. Na3 b5 8. Nd5 Nf6 9. Be3 Rb8 10. f3 Be7 11. c3 0-0 12. Bd3 Be6 13. 0-0 Nd7 14. Qd2 Nc5 15. Bc2 Qd7 16. Rad1 Rfd8 17. b4 Na4 18. Bxa4 bxa4 19. Nc4 Bf8 20. Ncb6 Qb7 21. Nxa4 Ne7 22. Nab6 Nc8 23. Nc4 Ne7 24. Na5 Qb5 25. c4 Qa4 26. Nb6 Qe8 27. a4 Nc8 28. Nd5 Qxa4 29. b5 Ne7 30. Ra1 1-0

[Event "Keres Memorial op"]
[Site "Tallinn"]
[Date "2004.??.??"]
[Round "?"]
[White "Dubrovin, Robert"]
[Black "Teemae, Leo A"]
[Result "1-0"]
[WhiteElo "2187"]
[BlackElo "2086"]
[PlyCount "39"]
[EventDate "2004.07.14"]
[EventType "swiss"]
[EventRounds "9"]
[EventCountry "EST"]
[SourceTitle "EXT 2018"]
[Source "ChessBase"]
[SourceDate "2017.10.13"]
[SourceVersion "1"]
[SourceVersionDate "2017.10.13"]
[SourceQuality "1"]

1. e4 e5 2. Nf3 Nf6 3. Nxe5 d6 4. Nf3 Nxe4 5. d4 d5 6. Bd3 Bd6 7. 0-0 0-0 8. Re1 Re8 9. c4 c6 10. Nc3 Nxc3 11. bxc3 Bg4 12. Rxe8+ Qxe8 13. Be3 f5 14. h3 Bxf3 15. Qxf3 Qf7 16. Qxf5 g6 17. Qc8+ Kg7 18. cxd5 cxd5 19. Rb1 b6 20. Rb5 1-0

[Event "Keres Memorial op"]
[Site "Tallinn"]
[Date "2001.07.31"]
[Round "9"]
[White "Prakken, Gerrit"]
[Black "Teemae, Leo A"]
[Result "1-0"]
[WhiteElo "2345"]
[BlackElo "2120"]
[PlyCount "33"]
[EventDate "2001.07.25"]
[EventType "swiss"]
[EventRounds "9"]
[EventCountry "EST"]
[SourceTitle "CBM 083 Extra"]
[Source "ChessBase"]
[SourceDate "2001.09.11"]
[SourceVersion "1"]
[SourceVersionDate "2001.09.11"]
[SourceQuality "1"]

1. d4 Nf6 2. Nf3 e6 3. g3 b6 4. Bg2 Bb7 5. 0-0 c5 6. c4 cxd4 7. Qxd4 Bc5 8. Qf4 d5 9. Nc3 0-0 10. cxd5 Nxd5 11. Nxd5 Qxd5 12. Bd2 Nc6 13. Bc3 Rad8 14. Qg4 g6 15. Qh4 Be7 16. Qh6 f6 17. Ne5 1-0